[Event "Wuerttemberg-chT Rapid"]
[Site "Boeblingen"]
[Date "2024.04.13"]
[Round "7.22"]
[White "Gabriel, Josef"]
[Black "Narr, Kevin"]
[Result "0-1"]
[WhiteElo "1997"]
[BlackElo "1977"]
[PlyCount "64"]
[EventDate "2024.04.13"]
[EventType "team-tourn"]
[EventRounds "9"]
[EventCountry "GER"]
[SourceTitle "CB17_2024"]
[SourceDate "2024.04.24"]
[SourceVersion "1"]
[SourceVersionDate "2024.04.24"]
[SourceQuality "1"]

1. e4 e6 2. d3 d5 3. Nd2 Nf6 4. Ngf3 Be7 5. g3 0-0 6. Bg2 a5 7. 0-0 a4 8. a3 Nc6 9. e5 Nd7 10. d4 Nb6 11. Qe2 f6 12. exf6 Bxf6 13. c3 Bd7 14. Re1 Re8 15. Qd3 Na5 16. Ne5 Nbc4 17. Nexc4 Bb5 18. Bh3 dxc4 19. Qe2 e5 20. Qh5 exd4 21. Be6+ Rxe6 22. Rxe6 Be8 23. Qe2 Bf7 24. Re4 Bg6 25. Rg4 dxc3 26. Nxc4 Nxc4 27. Qxc4+ Bf7 28. Qe2 Qd7 29. bxc3 Re8 30. Re4 Rxe4 31. Qxe4 Qd1+ 32. Kg2 Bd5 0-1

[Event "Wuerttemberg-chT Rapid"]
[Site "Boeblingen"]
[Date "2024.04.13"]
[Round "9.22"]
[White "Hofer, Markus"]
[Black "Gabriel, Josef"]
[Result "0-1"]
[WhiteElo "2047"]
[BlackElo "1997"]
[PlyCount "60"]
[EventDate "2024.04.13"]
[EventType "team-tourn"]
[EventRounds "9"]
[EventCountry "GER"]
[SourceTitle "CB17_2024"]
[SourceDate "2024.04.24"]
[SourceVersion "1"]
[SourceVersionDate "2024.04.24"]
[SourceQuality "1"]

1. d4 g6 2. e4 d6 3. Nc3 Bg7 4. Nf3 a6 5. a4 b6 6. Be2 Bb7 7. 0-0 Nd7 8. Be3 e5 9. dxe5 Nxe5 10. Nd4 Ne7 11. f4 N5c6 12. f5 Nxd4 13. Bxd4 Be5 14. fxg6 hxg6 15. Bxe5 dxe5 16. Bc4 0-0 17. Qf3 Qd4+ 18. Rf2 Qxc4 19. Raf1 Rad8 20. h4 Rd4 21. h5 Bxe4 22. Nxe4 Rxe4 23. b3 Qc6 24. Qg3 Rf4 25. Rxf4 exf4 26. Qxf4 Qc5+ 27. Rf2 Qxh5 28. g4 Qc5 29. b4 Qc3 30. Rh2 Nd5 0-1

[Event "Eberstadt"]
[Site "Eberstadt"]
[Date "2022.08.28"]
[Round "2"]
[White "Gabriel, Josef"]
[Black "Koelle, Tobias"]
[Result "0-1"]
[WhiteElo "2054"]
[BlackElo "2433"]
[PlyCount "66"]
[EventDate "2022.08.27"]
[EventType "tourn"]
[EventRounds "9"]
[EventCountry "GER"]
[EventCategory "5"]
[SourceTitle "CBM 210 Extra"]
[Source "ChessBase"]
[SourceDate "2022.11.30"]
[SourceVersion "1"]
[SourceVersionDate "2022.11.30"]
[SourceQuality "1"]

1. Nf3 d5 2. g3 Bg4 3. Bg2 e6 4. c4 c6 5. Qa4 Nf6 6. d3 Be7 7. 0-0 0-0 8. h3 Bh5 9. Be3 Nbd7 10. Nbd2 h6 11. Rac1 e5 12. g4 Bg6 13. d4 exd4 14. Nxd4 Re8 15. N4f3 Bd6 16. Rfd1 a5 17. c5 Rxe3 18. fxe3 Nxc5 19. Rxc5 Bxc5 20. Nf1 Qb6 21. Nd4 Qxb2 22. Rd2 Qb6 23. Kf2 Re8 24. Qb3 Qxb3 25. Nxb3 Bb4 26. Rd4 b6 27. Rf4 Ne4+ 28. Bxe4 Bxe4 29. Ng3 Bd6 30. Nd4 Bxf4 31. exf4 c5 32. Nb5 a4 33. a3 Bc2 0-1

[Event "Oberliga Wuerttemberg 2122"]
[Site "Wuerttemberg"]
[Date "2021.10.31"]
[Round "2.6"]
[White "Gabriel, Josef"]
[Black "Froehlich, Franziska"]
[Result "1-0"]
[WhiteElo "2062"]
[BlackElo "1887"]
[PlyCount "107"]
[EventDate "2021.09.19"]
[EventType "team-tourn"]
[EventRounds "9"]
[EventCountry "GER"]
[SourceTitle "EXT 2023"]
[Source "ChessBase"]
[SourceDate "2022.10.05"]
[SourceVersion "1"]
[SourceVersionDate "2022.10.05"]
[SourceQuality "1"]
[WhiteTeam "Stuttgart SF II"]
[BlackTeam "Ulm Weisse Dame"]
[WhiteTeamCountry "GER"]
[BlackTeamCountry "GER"]

1. Nf3 c5 2. g3 Nf6 3. Bg2 d5 4. d3 e6 5. Nbd2 Be7 6. 0-0 0-0 7. e4 Nc6 8. Re1 Qc7 9. h4 b5 10. e5 Nd7 11. Qe2 f6 12. exf6 Nxf6 13. c3 Bd7 14. Nf1 Bd6 15. d4 b4 16. Be3 bxc3 17. bxc3 cxd4 18. Nxd4 Ne5 19. Bf4 Nfg4 20. Rac1 Qc4 21. f3 Qxe2 22. Rxe2 Nd3 23. Bxd6 Nxc1 24. Rc2 Ba4 25. Rxc1 Rfd8 26. fxg4 Rxd6 27. Nxe6 Re8 28. Nc7 Re2 29. Bxd5+ Kf8 30. Ne6+ Rdxe6 31. Bxe6 Bc6 32. Ne3 Rxe3 33. Bf5 g6 34. Bc8 Rxg3+ 35. Kf2 Rg2+ 36. Ke3 Rxa2 37. g5 Ke7 38. Kd4 Kd6 39. Rf1 Rd2+ 40. Ke3 Rh2 41. Rf4 a5 42. Kd4 a4 43. Rf6+ Kc7 44. Kc5 Be8 45. Be6 Rxh4 46. Rf8 Kd8 47. Kd6 Rh2 48. c4 Rd2+ 49. Bd5 a3 50. Rf3 a2 51. Ra3 Bd7 52. Ra8+ Bc8 53. c5 Rd1 54. c6 1-0

[Event "Murrhard Wuerttemberg op"]
[Site "Murrhard"]
[Date "2021.08.22"]
[Round "7"]
[White "Gabriel, Josef"]
[Black "Mueller, Philipp1111"]
[Result "1-0"]
[WhiteElo "2046"]
[BlackElo "2229"]
[PlyCount "77"]
[EventDate "2021.08.18"]
[EventType "swiss"]
[EventRounds "7"]
[EventCountry "GER"]
[SourceTitle "CBM 204 Extra"]
[Source "ChessBase"]
[SourceDate "2021.11.30"]
[SourceVersion "1"]
[SourceVersionDate "2021.11.30"]
[SourceQuality "1"]

1. e4 c5 2. Nf3 Nc6 3. d3 g6 4. g3 Bg7 5. Bg2 e6 6. 0-0 Nge7 7. c3 0-0 8. Re1 e5 9. a3 a5 10. a4 d6 11. Na3 h6 12. Nb5 Na7 13. Na3 Nac6 14. Be3 f5 15. Qd2 Kh7 16. Nb5 g5 17. exf5 Bxf5 18. h4 g4 19. Nh2 b6 20. d4 cxd4 21. cxd4 e4 22. Bf4 d5 23. Bc7 Qd7 24. Bxb6 Nb4 25. Bc5 Rfc8 26. Bf1 Nec6 27. Nd6 Bxd4 28. Nxf5 Qxf5 29. Bxd4 Nxd4 30. Qxd4 Nc2 31. Qd2 Ra7 32. Rac1 Nxe1 33. Rxe1 Rac7 34. Qxa5 Rc2 35. Re2 Rc1 36. Rd2 R8c5 37. Qd8 h5 38. b4 R5c4 39. Rxd5 1-0

[Event "EU-ch Online U2300 Qual"]
[Site "Chess.com INT"]
[Date "2020.05.25"]
[Round "1"]
[White "Marn, Jan"]
[Black "Gabriel, Josef"]
[Result "1-0"]
[WhiteElo "2360"]
[BlackElo "2046"]
[PlyCount "87"]
[EventDate "2020.05.25"]
[EventType "swiss"]
[EventRounds "8"]
[EventCountry "NET"]
[SourceTitle "EXT 2021"]
[Source "ChessBase"]
[SourceDate "2020.10.23"]
[SourceVersion "1"]
[SourceVersionDate "2020.10.23"]
[SourceQuality "1"]

1. d4 d6 2. c4 g6 3. Nc3 Bg7 4. e4 e5 5. d5 Nf6 6. Nf3 0-0 7. Be2 a5 8. Bg5 h6 9. Be3 Nbd7 10. h3 b6 11. g4 Nc5 12. Nd2 Kh7 13. h4 Ng8 14. g5 f5 15. h5 f4 16. Bxc5 bxc5 17. hxg6+ Kxg6 18. gxh6 Nxh6 19. Nf3 Bf6 20. Qc2 Ng4 21. 0-0-0 Rh8 22. Rhg1 Kf7 23. Ng5+ Bxg5 24. Bxg4 f3+ 25. Kb1 Rh2 26. Bxf3 Be3 27. Rg2 Rxg2 28. Bxg2 Bf4 29. Qe2 Qg5 30. Bf3 Ba6 31. Rh1 Rg8 32. Nb5 Bxb5 33. cxb5 Rg7 34. b6 cxb6 35. Qb5 Qe7 36. Qxb6 Bd2 37. Bh5+ Kf6 38. Qb8 Kg5 39. Qc8 Qd7 40. Qf8 Bf4 41. Be8 Rh7 42. Rg1+ Qg4 43. Qg8+ Kh6 44. Rh1+ 1-0

[Event "EU-ch Online U2300 Qual"]
[Site "Chess.com INT"]
[Date "2020.05.25"]
[Round "3"]
[White "Sokolovsky, Yahli"]
[Black "Gabriel, Josef"]
[Result "1-0"]
[WhiteElo "2123"]
[BlackElo "2046"]
[PlyCount "97"]
[EventDate "2020.05.25"]
[EventType "swiss"]
[EventRounds "8"]
[EventCountry "NET"]
[SourceTitle "EXT 2021"]
[Source "ChessBase"]
[SourceDate "2020.10.23"]
[SourceVersion "1"]
[SourceVersionDate "2020.10.23"]
[SourceQuality "1"]

1. e4 g6 2. d4 Bg7 3. Nf3 d6 4. Bd3 a6 5. c3 b5 6. a4 bxa4 7. Qxa4+ Kf8 8. 0-0 Nf6 9. Nbd2 Nfd7 10. Re1 Nb6 11. Qc2 e5 12. dxe5 dxe5 13. Nc4 Nc6 14. Be3 Bg4 15. Nfd2 Be6 16. Red1 Nxc4 17. Bxc4 Qc8 18. Qa4 Bxc4 19. Qxc4 Qe6 20. Qxe6 fxe6 21. Nc4 Ke8 22. b4 Bf6 23. b5 Nb8 24. Ra5 h5 25. Rda1 Rh7 26. bxa6 Rd7 27. Kf1 Rd3 28. Bd2 Nc6 29. Rc5 Kd7 30. Ke2 Rd6 31. Nxd6 cxd6 32. Rb5 Bd8 33. Rb7+ Bc7 34. Be3 Nd8 35. Rb3 d5 36. Bb6 Kc6 37. Bxc7 Kxc7 38. a7 Nb7 39. Rb5 Kc6 40. Rb4 Kc7 41. Ke3 Kc6 42. Ra6+ Kc7 43. Rxe6 Rxa7 44. Rxb7+ Rxb7 45. Re7+ Kb6 46. Rxb7+ Kxb7 47. exd5 Kb6 48. Ke4 Kc5 49. Kxe5 1-0

[Event "GER-chT Laender Seniors 65+"]
[Site "Templin"]
[Date "2018.09.12"]
[Round "3.2"]
[White "Kiefer, Gerhard"]
[Black "Gabriel, Josef"]
[Result "1-0"]
[WhiteElo "2287"]
[BlackElo "2124"]
[PlyCount "135"]
[EventDate "2018.09.10"]
[EventType "team-swiss"]
[EventRounds "7"]
[EventCountry "GER"]
[SourceTitle "EXT 2020"]
[Source "ChessBase"]
[SourceDate "2019.10.17"]
[SourceVersion "1"]
[SourceVersionDate "2019.10.17"]
[SourceQuality "1"]
[WhiteTeam "Baden"]
[BlackTeam "Wuerttemberg"]
[WhiteTeamCountry "GER"]
[BlackTeamCountry "GER"]

1. e4 g6 2. d4 Bg7 3. Nf3 d6 4. Bc4 e6 5. Bb3 Nf6 6. Qe2 0-0 7. 0-0 Nc6 8. c3 e5 9. dxe5 dxe5 10. Na3 Qe7 11. Bg5 Bg4 12. h3 Bxf3 13. Qxf3 Nd8 14. Nc4 Ne6 15. Bxf6 Bxf6 16. Ne3 c6 17. Bxe6 Qxe6 18. Qg4 Qxg4 19. hxg4 Rfd8 20. Rfd1 Be7 21. Kf1 Kf8 22. Ke2 Ke8 23. Rxd8+ Rxd8 24. Rh1 Kd7 25. Rxh7 Ke6 26. Rh1 b5 27. g3 Bg5 28. Rd1 Rh8 29. Ng2 Rh2 30. Ne1 Be7 31. Nf3 Rh8 32. Rc1 Rb8 33. b3 Rb6 34. c4 Ra6 35. Rc2 bxc4 36. bxc4 Ra3 37. Ne1 Bc5 38. Nd3 Bd4 39. c5 Ra5 40. g5 Ra4 41. Nc1 f5 42. gxf6 Kxf6 43. Nb3 g5 44. f3 Ra3 45. f4 g4 46. Rd2 Ke7 47. Nxd4 exd4 48. Rxd4 Rxa2+ 49. Rd2 Ra5 50. Ke3 Rxc5 51. f5 a5 52. Ra2 Kf6 53. Kf4 Re5 54. Ra4 Rb5 55. Rc4 Rb6 56. e5+ Ke7 57. Kg5 Ra6 58. Ra4 c5 59. e6 Ra8 60. Kxg4 Kf6 61. Kf4 Rb8 62. g4 Rb4+ 63. Rxb4 cxb4 64. g5+ Ke7 65. Ke5 b3 66. f6+ Kd8 67. Kd6 Ke8 68. g6 1-0

[Event "Stuttgart-chA int"]
[Site "Ditzingen"]
[Date "2018.05.10"]
[Round "2"]
[White "Gabriel, Josef"]
[Black "Maiorov, Nikita"]
[Result "0-1"]
[WhiteElo "2106"]
[BlackElo "2532"]
[PlyCount "68"]
[EventDate "2018.05.10"]
[EventType "swiss"]
[EventRounds "7"]
[EventCountry "GER"]
[SourceTitle "EXT 2020"]
[Source "ChessBase"]
[SourceDate "2019.10.17"]
[SourceVersion "1"]
[SourceVersionDate "2019.10.17"]
[SourceQuality "1"]

1. e4 e5 2. Nf3 Nc6 3. Bb5 Nf6 4. 0-0 Nxe4 5. Re1 Nd6 6. Nxe5 Be7 7. Bf1 Nf5 8. c3 0-0 9. d4 d5 10. Bd3 Bd6 11. Nd2 Nce7 12. Nf1 f6 13. Nf3 g6 14. b3 c6 15. a4 Ng7 16. h3 Rf7 17. Ba3 Bxa3 18. Rxa3 Nh5 19. b4 Nf4 20. Ng3 Qd6 21. Ra2 Bd7 22. Bf1 g5 23. Nh2 Kh8 24. Nh5 Raf8 25. Nxf4 gxf4 26. Qh5 Bf5 27. Rae2 Be4 28. Rxe4 dxe4 29. Rxe4 Nd5 30. Bc4 Nxc3 31. Bxf7 Nxe4 32. Ng4 Qe7 33. Bg6 Ng3 34. Qh6 Qe1+ 0-1

[Event "Stuttgart-chA int"]
[Site "Ditzingen"]
[Date "2018.05.10"]
[Round "1"]
[White "Speicher, Franz"]
[Black "Gabriel, Josef"]
[Result "0-1"]
[WhiteElo "1876"]
[BlackElo "2106"]
[PlyCount "73"]
[EventDate "2018.05.10"]
[EventType "swiss"]
[EventRounds "7"]
[EventCountry "GER"]
[SourceTitle "EXT 2020"]
[Source "ChessBase"]
[SourceDate "2019.10.17"]
[SourceVersion "1"]
[SourceVersionDate "2019.10.17"]
[SourceQuality "1"]

1. d4 g6 2. e4 Bg7 3. c3 d6 4. Bd3 Nf6 5. Nf3 Nbd7 6. Bf4 0-0 7. h3 c5 8. Nbd2 cxd4 9. cxd4 e5 10. Bh2 Re8 11. d5 Nc5 12. Bc2 a5 13. 0-0 b5 14. Re1 Ba6 15. b3 Rc8 16. Rb1 b4 17. Nc4 a4 18. Nfd2 a3 19. f4 Nh5 20. f5 Na4 21. bxa4 Bxc4 22. Nxc4 Rxc4 23. Bb3 Qb6+ 24. Kh1 Rc3 25. Qe2 Rec8 26. fxg6 hxg6 27. Qb5 Qf2 28. Rf1 Qe3 29. Rbe1 Qd4 30. Bg1 Ng3+ 31. Kh2 Nxf1+ 32. Rxf1 Qxe4 33. Qd7 Rf8 34. Qxd6 Bh6 35. Kh1 Rxh3+ 36. Bh2 Bf4 37. Bc2 0-1

[Event "GER-chT Seniors 26th"]
[Site "Templin"]
[Date "2017.09.29"]
[Round "5.1"]
[White "Gabriel, Josef"]
[Black "Esswein, Karlheinz"]
[Result "1-0"]
[WhiteElo "2091"]
[BlackElo "2092"]
[PlyCount "117"]
[EventDate "2017.09.25"]
[EventType "team-swiss"]
[EventRounds "7"]
[EventCountry "GER"]
[SourceTitle "EXT 2019"]
[Source "ChessBase"]
[SourceDate "2018.10.10"]
[SourceVersion "1"]
[SourceVersionDate "2018.10.10"]
[SourceQuality "1"]
[WhiteTeam "Wuerttemberg II"]
[BlackTeam "Rheinland Pfalz II"]
[WhiteTeamCountry "GER"]
[BlackTeamCountry "GER"]

1. e4 c5 2. Nf3 e6 3. d3 Nc6 4. g3 Nf6 5. Bg2 d5 6. Nbd2 Be7 7. 0-0 b6 8. Re1 Bb7 9. e5 Nd7 10. h4 Qc7 11. Qe2 0-0-0 12. Nf1 h6 13. N1h2 Rdg8 14. Ng4 Kb8 15. c3 Ba6 16. Bf4 Nf8 17. h5 Nh7 18. c4 Rd8 19. Rad1 Bb7 20. Ne3 d4 21. Ng4 Ka8 22. a3 Ng5 23. Qd2 Nxf3+ 24. Bxf3 a5 25. b3 Ka7 26. Bg2 Ra8 27. Ra1 Kb8 28. f3 Rd8 29. Nf2 Na7 30. Ne4 Bxe4 31. Rxe4 Nc6 32. g4 Kb7 33. Bh2 a4 34. bxa4 Rxa4 35. f4 Rda8 36. Qb2 R8a6 37. Rae1 Kc8 38. Rb1 R4a5 39. Bg3 g5 40. Ra1 Nd8 41. Kh2 Qa7 42. f5 Rxa3 43. Rxa3 Rxa3 44. Qb5 Bf8 45. Re1 Qa4 46. Qxb6 Rb3 47. Ra1 Rxb6 48. Rxa4 Rb1 49. Be4 Kc7 50. Ra7+ Kc8 51. Kg2 Kb8 52. Ra8+ Kc7 53. Kf3 Rf1+ 54. Bf2 Rb1 55. Ra2 Kc8 56. Ke2 Kb8 57. Ra8+ Kc7 58. Be1 Rb2+ 59. Bd2 1-0

[Event "Oberliga Wuerttemberg 1617"]
[Site "Wuerttemberg"]
[Date "2017.04.02"]
[Round "10.7"]
[White "Knoerzer, Michael"]
[Black "Gabriel, Josef"]
[Result "1/2-1/2"]
[WhiteElo "2102"]
[BlackElo "2079"]
[PlyCount "101"]
[EventDate "2016.09.25"]
[EventType "team-tourn"]
[EventRounds "11"]
[EventCountry "GER"]
[SourceTitle "EXT 2019"]
[Source "ChessBase"]
[SourceDate "2018.10.10"]
[SourceVersion "1"]
[SourceVersionDate "2018.10.10"]
[SourceQuality "1"]
[WhiteTeam "Bebenhausen"]
[BlackTeam "Stuttgart SF"]
[WhiteTeamCountry "GER"]
[BlackTeamCountry "GER"]

1. d4 g6 2. c4 Bg7 3. Nc3 d6 4. e4 Nc6 5. Nge2 e5 6. d5 Nce7 7. Be3 f5 8. f3 Nf6 9. Qd2 fxe4 10. Nxe4 Nf5 11. Bg5 0-0 12. 0-0-0 Nxe4 13. fxe4 Qxg5 14. Qxg5 Bh6 15. Qxh6 Nxh6 16. h3 Rf2 17. Kb1 Bd7 18. Nc1 g5 19. Nd3 Rf6 20. c5 Raf8 21. cxd6 cxd6 22. Be2 Bb5 23. Bf3 Kg7 24. b3 Rc8 25. a4 Bxd3+ 26. Rxd3 Rf7 27. Rc1 Rfc7 28. Rxc7+ Rxc7 29. Kb2 Ng8 30. Bg4 Nf6 31. Bf5 Nh5 32. g3 Nf6 33. Rf3 h5 34. g4 h4 35. Rc3 Rxc3 36. Kxc3 Kf8 37. Kc4 Ke7 38. b4 Kd8 39. a5 Kc7 40. b5 Ng8 41. Kd3 Ne7 42. Ke3 Ng8 43. Kd3 Nf6 44. Ke3 b6 45. a6 Kd8 46. Kd3 Ke7 47. Ke3 Ne8 48. Kd3 Nc7 49. Kc4 Kf6 50. Bd7 Ke7 51. Bc6 1/2-1/2

[Event "Staufer op 29th"]
[Site "Schwaebisch Gmuend"]
[Date "2017.01.02"]
[Round "1"]
[White "Woellermann, Jan"]
[Black "Gabriel, Josef"]
[Result "1-0"]
[WhiteElo "2384"]
[BlackElo "2123"]
[PlyCount "79"]
[EventDate "2017.01.02"]
[EventType "swiss"]
[EventRounds "9"]
[EventCountry "GER"]
[SourceTitle "CBM 176 Extra"]
[Source "ChessBase"]
[SourceDate "2017.03.02"]
[SourceVersion "1"]
[SourceVersionDate "2017.03.02"]
[SourceQuality "1"]

1. d4 g6 2. c4 Bg7 3. Nf3 c5 4. d5 d6 5. e4 Nf6 6. Nc3 0-0 7. h3 e6 8. Bd3 exd5 9. cxd5 Re8 10. 0-0 a6 11. a4 b6 12. Bf4 Qc7 13. Re1 Nbd7 14. Rc1 Nh5 15. Be3 Ne5 16. Be2 Nxf3+ 17. Bxf3 Nf6 18. b4 Nd7 19. Qb3 Rb8 20. Qb1 Qd8 21. b5 a5 22. Be2 Qh4 23. Bg4 h5 24. Bxd7 Bxd7 25. Qd3 Kh7 26. Bd2 Bd4 27. Re2 f5 28. exf5 Bxf5 29. Qf3 Be5 30. Rce1 Re7 31. Ne4 Bg4 32. Nf6+ Kg7 33. Nxg4 hxg4 34. Qxg4 Qxg4 35. hxg4 Rf7 36. Re4 Rbf8 37. R1e2 Rh8 38. f4 Bd4+ 39. Be3 Bc3 40. g3 1-0

[Event "GER-chT Seniors 25th"]
[Site "Magdeburg"]
[Date "2016.10.12"]
[Round "4.13"]
[White "Gabriel, Josef"]
[Black "Glienke, Manfred"]
[Result "0-1"]
[WhiteElo "2139"]
[BlackElo "2265"]
[PlyCount "126"]
[EventDate "2016.10.09"]
[EventType "team-swiss"]
[EventRounds "7"]
[EventCountry "GER"]
[SourceTitle "EXT 2019"]
[Source "ChessBase"]
[SourceDate "2018.10.10"]
[SourceVersion "1"]
[SourceVersionDate "2018.10.10"]
[SourceQuality "1"]
[WhiteTeam "Wuerttemberg II"]
[BlackTeam "Berlin"]
[WhiteTeamCountry "GER"]
[BlackTeamCountry "GER"]

1. Nf3 c5 2. g3 Nc6 3. Bg2 Nf6 4. d3 g6 5. 0-0 Bg7 6. e4 0-0 7. Nc3 d6 8. h3 Nd4 9. Ne1 Rb8 10. f4 b5 11. g4 b4 12. Ne2 Nd7 13. Ng3 Bb7 14. Bd2 a5 15. c3 Nb5 16. Qc1 a4 17. a3 Qb6 18. Kh2 Rfc8 19. Ne2 Ra8 20. Nc2 bxc3 21. bxc3 Bc6 22. Rb1 Qa6 23. c4 Nc7 24. Ne3 Rcb8 25. Qc2 Rb3 26. Bc3 Rab8 27. Bxg7 Kxg7 28. Rxb3 axb3 29. Qb2+ f6 30. g5 Ne6 31. gxf6+ exf6 32. e5 dxe5 33. fxe5 fxe5 34. Nd5 Nd4 35. Nec3 Bxd5 36. Bxd5 Rf8 37. Rxf8 Kxf8 38. Ne4 Kg7 39. Qf2 Nf5 40. Qb2 Nd4 41. Qf2 Nf5 42. Nxc5 Qxa3 43. Ne6+ Kf6 44. c5 Qb4 45. c6 Nb6 46. c7 b2 47. Nc5 b1Q 48. Nd7+ Kg7 49. Nxb6 Qxb6 50. Qxb6 Qxb6 51. c8Q Qf2+ 52. Bg2 Ne3 53. Qb7+ Kh6 54. Qf3 Qxg2+ 55. Qxg2 Nxg2 56. Kxg2 Kg5 57. Kf3 Kf5 58. h4 h6 59. Kg3 Ke6 60. Kf3 Kd5 61. Ke3 h5 62. Kf3 Kd4 63. Ke2 e4 0-1